01657cam a22002895a 4500001000800000005001700008008004100025020002400066040004600090082002000136245010400156260005100260300002700311504005100338505008800389650005600477651001000533653003700543700003100580700006100611942000800672999001700680952017500697952016600872952016501038952016401203906013620160222163852.0100125t2010 enka frbe 001 0 eng d a9780470057568 (set) aDLCbengcDLCdWaSeSSdEG-ScBUEdEG-ScBUE04a332.03bENC22200aEncyclopedia of quantitative finance /ceditor-in-chief, Rama Cont ; [foreword by Robert C. Merton] aChichester :bJohn Wiley & Sons Ltd.,cc.2010. a4 v. :bill. ;c25 cm. aIncludes bibliographical references and index. avolume I : A-D -- volume II : E-J -- volume III : K-Q -- volume IV : R-Z and index. 0aFinancexMathematical modelsvEncyclopedias.2BUEsh 2BUEsh bBUSECOcAugust2015cFebruary20161 aCont, Rama.eeditor.940481 aMerton, Robert C., eauthor of introduction, etc.929304 2ddc c20733d20705 00102ddc40708BaccahaMAINbMAINc0THd2015-08-30ePurchaseg9450.00h23317l0o332.03 ENCp000039539r2025-07-15 00:00:00v11813.00yREFERENCEzV. IV. (R-Z and Index) 00102ddc40708BaccahaMAINbMAINc0THd2015-08-30ePurchaseg9450.00h23317l0o332.03 ENCp000039540r2025-07-15 00:00:00v11813.00yREFERENCEzV. III. (K-Q) 00102ddc40708BaccahaMAINbMAINc0THd2015-08-30ePurchaseg9450.00h23317l0o332.03 ENCp000039541r2025-07-15 00:00:00v11813.00yREFERENCEzV. II. (E-J) 00102ddc40708BaccahaMAINbMAINc0THd2015-08-30ePurchaseg9450.00h23317l0o332.03 ENCp000039542r2025-07-15 00:00:00v11813.00yREFERENCEzV. I. (A-D)